01091 2200349 4500001002100000005001500021035002000036007000300056008004100059020002200100040002200122082001400144084001600158090002000174090002200194100003100216245009900247250003400346300003000380500005900410650002000469700003100489850001200520041001300532504003300545264004500578336002100623337003000644338002300674999002200697990002200719INLIS00000000085723920210308114706 a0010-0321000262ta210308t2020 yoi g ind d a978-623-244-254-2 aYOPDYOGbindcrda04223a495.1 a495.1 MUR b aDEP 495.1 MUR b aCB-D.11 2020-07160 aMuryani J. Semitaepenulis10aBelajar bahasa Mandarin dalam 31 jam /cpenulis, Muryani J. Semita; penyunting, Herman Adamson aCetakan pertama: Oktober 2020 avii, 306 halaman ;c20 cm aTeks terdiri dari bahasa Indonesia dan bahasa Mandarin 4aBahasa Mandarin0 aHerman Adamsonepenyunting aYOPDYOG aindhchi aBibliografi: halaman 300-30131aYogyakarta :bPusat Kajian Bahasa,c2020 2rdacontentateks 2rdamediaatanpa perantara 2rdacarrieravolume aCB-D.11/2020-0716 aCB-D.11/2020-0716